Case news (Record no. 78129)
[ view plain ]
| 000 -LEADER | |
|---|---|
| fixed length control field | 01073cab a2200217 4500 |
| 001 - CONTROL NUMBER | |
| control field | L136090 |
| 008 - FIXED-LENGTH DATA ELEMENTS--GENERAL INFORMATION | |
| fixed length control field | 070109n2007 000 0 eng u |
| 035 ## - SYSTEM CONTROL NUMBER | |
| System control number | (Sirsi) u136090 |
| 041 0# - LANGUAGE CODE | |
| Language code of text/sound track or separate title | eng |
| 100 1# - MAIN ENTRY--PERSONAL NAME | |
| Personal name | Gordon, Warren |
| 245 00 - TITLE STATEMENT | |
| Title | Case news |
| Remainder of title | Thomas v Ken Thomas |
| 260 ## - PUBLICATION, DISTRIBUTION, ETC. | |
| Date of publication, distribution, etc. | 2007 |
| 490 #0 - SERIES STATEMENT | |
| Series statement | Property Week |
| Volume/sequential designation | 72(1) 5 January 2007, 56(1) |
| 520 ## - SUMMARY, ETC. | |
| Summary, etc. | Concerns a case [2006] EWCA Civ 1504, 9 October 2006, where after leasing a warehouse, a tenant got into financial difficulties and fell behind in the rent. The landlord accepted a deferred payment, and the tenant subsequently went into a company voluntary agreement. Under the terms of the lease the landlord had the right to forfeit the lease, and went to court to forfeit the tenant' lease. "Held": the Court of Appeal blocked the move, ruling that the landlord had lost the right to forfeiture by accepting the deferred rent payment. |
| 590 ## - LOCAL NOTE (RLIN) | |
| Local note | KA |
| 650 24 - SUBJECT ADDED ENTRY--TOPICAL TERM | |
| Topical term or geographic name entry element | INSOLVENCY ACT 1986 |
| 650 24 - SUBJECT ADDED ENTRY--TOPICAL TERM | |
| Topical term or geographic name entry element | THOMAS V KEN THOMAS |
| 651 #4 - SUBJECT ADDED ENTRY--GEOGRAPHIC NAME | |
| Geographic name | England |
| Chronological subdivision | 886- |
| 690 ## - LOCAL SUBJECT ADDED ENTRY--TOPICAL TERM (OCLC, RLIN) | |
| Topical term or geographic name as entry element | Landlord and tenant |
| 9 (RLIN) | 6252 |
| 942 ## - ADDED ENTRY ELEMENTS (KOHA) | |
| Suppress in OPAC | 0 |
| Withdrawn status | Lost status | Source of classification or shelving scheme | Damaged status | Not for loan | Home library | Current library | Shelving location | Date acquired | Total Checkouts | Full call number | Barcode | Date last seen | Copy number | Price effective from | Koha item type |
|---|---|---|---|---|---|---|---|---|---|---|---|---|---|---|---|
| Dewey Decimal Classification | London | London | Journal article | 09/01/2007 | L136090 | 136090-1001 | 06/08/2019 | 1 | 06/08/2019 | Journal article |